ROB AND SMITH OPERATIVE SURGERY SURGERY OF THE UPPER GESTROINTESTINEL (Record no. 14176)

MARC details
000 -LEADER
fixed length control field 00326nam a22001337a 4500
003 - CONTROL NUMBER IDENTIFIER
control field SGT
082 ## - DEWEY DECIMAL CLASSIFICATION NUMBER
Classification number 617
Item number R94J
100 ## - MAIN ENTRY--PERSONAL NAME
Personal name JAMIESON,GLYN G
245 ## - TITLE STATEMENT
Title ROB AND SMITH OPERATIVE SURGERY SURGERY OF THE UPPER GESTROINTESTINEL
250 ## - EDITION STATEMENT
Edition statement 5TH
260 ## - PUBLICATION, DISTRIBUTION, ETC. (IMPRINT)
Place of publication, distribution, etc LONDON
Name of publisher, distributor, etc CHAPMAN AND HALL
Year of Publication 1994
300 ## - PAGE DESCRIPTION
No. of Pages 618
942 ## - ADDED ENTRY ELEMENTS (KOHA)
Source of classification or shelving scheme Dewey Decimal Classification
Koha item type Books
Holdings
Withdrawn status Lost status Source of classification or shelving scheme Damaged status Not for loan Collection code Home library Current library Shelving location Date acquired Vendor Name SGTU Total Checkouts Full call number Accession No. (Barcode) Date last seen Bill Date Koha item type
    Dewey Decimal Classification     MEDICAL SGT Medical Library SGT Medical Library Reference Book 23/12/2017 ABC DELHI SGTU   617 R94J FM9079 23/12/2017 23/12/2017 Books